LEADER 01070nam a2200265 i 4500 001 000000046692 003 CaOOAMICUS 005 20120210000000.0 008 120210s1966 it u000 u ita u 013 $a17862 040 $aSeMil$bita 100 1 $aMouroux, Jean,$c.$0(OLS)http://semarc/name/16383 240 10$aJe crois en toi : structure personnelle de la foi.$0(OLS)http://semarc/title/69927 245 10$aIo credo in te :$bstruttura personale della fede /$cJean Mouroux. 250 $a3. ed. 260 $aBrescia :$bMorcelliana,$c1966 (copyr. 1961) 300 $a108 p. ;$c20 cm. 490 0 $aIl pellicano 650 4$aFede.$0(OLS)http://semarc/subject/589 830 3$aIl pellicano.$0(OLS)http://semarc/title/404225 850 $aSeMil 852 $aSeMil$W1$xVenegono$y1$m2C II 195$j12847$B12847$CSeMilBibl$Z2$F12847 $81 961 $aOmaggio: Donazione 996 $6245$aIo credo in te :$bstruttura personale della fede$9(OLS)http://semarc/title/69926 996 $6260$aBrescia :$bMorcelliana$9(OLS)http://semarc/publisher/29629 LEADER 01138nam a2200277 i 4500 001 000000119928 003 CaOOAMICUS 005 20050513000000.0 008 050513s1986 it u000 u ita u 013 $a92622 040 $aSeMil$bita 100 1 $aCuomo, Franco,$d<1938-2007>.$0(OLS)http://semarc/name/47318 240 14$aUna notte di Casanova ; Sangue d'amore, o, Storia di Giovanna d'Arco e Gilles de Rais ; Caterina delle Misericordie.$0(OLS)http://semarc/title/176383 245 10$aEresie d'amore /$cFranco Cuomo ; prefazione di Maurizio Scaparro. 260 $aMilano :$bSpirali,$c1986. 300 $a352 p. ;$c21 cm. 490 0 $aSembianza ;$v4 500 $aFondo Card. C.M. Martini. 700 1 $aScaparro, Maurizio.$0(OLS)http://semarc/name/49946 830 0$aSembianza ;$v4.$0(OLS)http://semarc/title/10993 850 $aSeMil 852 $aSeMil$W1$xVenegono$y1$m1B IV 96$j75135$B75135$CSeMilBibl$Z2$F97622 $81 941 1 $a4 961 $aOmaggio: Martini Card. Carlo Maria 996 $6245$aEresie d'amore$9(OLS)http://semarc/title/176382 996 $6260$aMilano :$bSpirali$9(OLS)http://semarc/publisher/32251